[Event "4NCL Division 1a"]
[Site "Northampton, ENG"]
[Date "2017.01.15"]
[Round "4.11"]
[White "Howell, David W L"]
[Black "Sarakauskas, Gediminas"]
[Result "1-0"]
[WhiteElo "2655"]
[BlackElo "2414"]
[PlyCount "67"]
[EventDate "2017.01.15"]
[WhiteTeam "Cheddleton 1"]
[BlackTeam "Guildford 2"]

1. d4 d5 2. c4 c6 3. Nc3 Nf6 4. Nf3 a6 5. e3 b5 6. b3 Bg4 7. a4 bxc4 8. bxc4
Nbd7 9. a5 e5 10. Be2 Bb4 11. Bd2 Bxf3 12. Bxf3 exd4 13. exd4 Bxc3 14. Bxc3
Qe7+ 15. Qe2 Ne4 16. Bxe4 Qxe4 17. Qxe4+ dxe4 18. Rb1 Ke7 19. Kd2 Kd6 20. Rb7
Rhb8 21. Rhb1 Rxb7 22. Rxb7 f5 23. Ke3 g5 24. g3 Ke6 25. Bb4 Rb8 26. d5+ cxd5
27. cxd5+ Ke5 28. Bc3+ Kd6 29. Rxb8 Nxb8 30. Kd4 Nd7 31. Bb4+ Kc7 32. g4 fxg4
33. Be7 Nb8 34. Bxg5 1-0

[Event "4NCL Division 1a"]
[Site "Northampton, ENG"]
[Date "2017.01.15"]
[Round "4.12"]
[White "Flear, Glenn C"]
[Black "Hawkins, Jonathan"]
[Result "0-1"]
[WhiteElo "2432"]
[BlackElo "2583"]
[PlyCount "106"]
[EventDate "2017.01.15"]
[WhiteTeam "Guildford 2"]
[BlackTeam "Cheddleton 1"]

1. d4 Nf6 2. c4 g6 3. Nc3 Bg7 4. e4 d6 5. Be2 O-O 6. Be3 e5 7. d5 a5 8. g4 Na6
9. g5 Nd7 10. h4 Ndc5 11. h5 c6 12. hxg6 fxg6 13. f3 cxd5 14. cxd5 Bd7 15. Nh3
Rb8 16. Nf2 b5 17. Rc1 a4 18. Kf1 Rf4 19. Qd2 Qxg5 20. Nh3 Bxh3+ 21. Rxh3 Qg4
22. Rh2 Rxf3+ 23. Bxf3 Qxf3+ 24. Kg1 b4 25. Qe2 Qxe2 26. Nxe2 Nxe4 27. Rc6 Nac5
28. Bxc5 dxc5 29. Rh4 Nd2 30. Kf2 g5 31. Rh5 Rf8+ 32. Ke3 Nc4+ 33. Ke4 h6 34.
d6 Kf7 35. Kd5 Nxb2 36. Rh1 Nd3 37. Rf1+ Nf4+ 38. Nxf4 exf4 39. Rc7+ Kg6 40.
Rxg7+ Kxg7 41. d7 Kf6 42. Kd6 c4 43. Rc1 c3 44. a3 bxa3 45. Rxc3 a2 46. Ra3 h5
47. Rxa2 h4 48. Rxa4 f3 49. Re4 Rd8 50. Re8 Rxd7+ 51. Kxd7 g4 52. Kd6 g3 53.
Rf8+ Kg7 0-1

[Event "4NCL Division 1a"]
[Site "Northampton, ENG"]
[Date "2017.01.15"]
[Round "4.13"]
[White "Arkell, Keith C"]
[Black "Fernandez, Daniel Howard"]
[Result "0-1"]
[WhiteElo "2438"]
[BlackElo "2473"]
[PlyCount "100"]
[EventDate "2017.01.15"]
[WhiteTeam "Cheddleton 1"]
[BlackTeam "Guildford 2"]

1. c4 b6 2. Nc3 Bb7 3. d4 g6 4. Nf3 Nf6 5. d5 Bg7 6. e4 O-O 7. Bd3 e6 8. O-O
exd5 9. cxd5 Qc8 10. Bf4 Ba6 11. Rc1 Bxd3 12. Qxd3 Qa6 13. Qd2 d6 14. Nd4 Nbd7
15. f3 Ne5 16. Ncb5 Ne8 17. b3 Qb7 18. Nc6 Nxc6 19. Rxc6 a6 20. Nd4 b5 21. Rfc1
a5 22. Kh1 b4 23. Bg5 Kh8 24. Bh6 Rg8 25. Bxg7+ Rxg7 26. Qh6 Qb8 27. h4 Qd8 28.
Qg5 Qd7 29. h5 gxh5 30. Qh6 Rg6 31. Qxh5 Qd8 32. Nf5 Ng7 33. Qh4 Nxf5 34. Qxd8+
Rxd8 35. exf5 Rg5 36. g4 h5 37. Rg1 hxg4 38. fxg4 Kg7 39. Kh2 Kf6 40. Rc4 Ke5
41. Kg3 Rdg8 42. Kh4 R5g7 43. Rd1 Rh7+ 44. Kg3 Kf6 45. Rxc7 Kg5 46. Rd7 Re8 47.
Rxd6 Re3+ 48. Kf2 Rhh3 49. Rd2 Kf4 50. Kg1 Re1+ 0-1

[Event "4NCL Division 1a"]
[Site "Northampton, ENG"]
[Date "2017.01.15"]
[Round "4.14"]
[White "Wall, Gavin"]
[Black "Fodor, Tamas Jr"]
[Result "0-1"]
[WhiteElo "2348"]
[BlackElo "2506"]
[PlyCount "34"]
[EventDate "2017.01.15"]
[WhiteTeam "Guildford 2"]
[BlackTeam "Cheddleton 1"]

1. e4 e6 2. d4 d5 3. e5 c5 4. c3 Nc6 5. Nf3 Bd7 6. dxc5 Bxc5 7. b4 Bb6 8. Bd3
Nge7 9. Qe2 a6 10. Nbd2 Ng6 11. Nb3 Qc7 12. Bxg6 hxg6 13. a4 Rh5 14. g4 Rh3 15.
Bf4 d4 16. Rc1 dxc3 17. Rxc3 Nd4 0-1

[Event "4NCL Division 1a"]
[Site "Northampton, ENG"]
[Date "2017.01.15"]
[Round "4.15"]
[White "Williams, Simon K"]
[Black "Milliet, Sophie"]
[Result "1-0"]
[WhiteElo "2440"]
[BlackElo "2387"]
[PlyCount "117"]
[EventDate "2017.01.15"]
[WhiteTeam "Cheddleton 1"]
[BlackTeam "Guildford 2"]

1. d4 Nf6 2. Bf4 c5 3. d5 b5 4. a4 b4 5. Nd2 Nxd5 6. Bg5 Qc7 7. e4 Nf4 8. Bh4
Ng6 9. Bg3 d6 10. h4 Nc6 11. Nc4 h5 12. Be2 Nd4 13. Bd3 Bg4 14. f3 Bd7 15. c3
Nc6 16. f4 e6 17. Nf3 d5 18. exd5 exd5 19. Bxg6 fxg6 20. Qxd5 O-O-O 21. Nfe5
Nxe5 22. Nxe5 Bd6 23. O-O Bxe5 24. fxe5 Qc6 25. Rad1 Rhf8 26. Rxf8 Rxf8 27. e6
Qxd5 28. Rxd5 Bxe6 29. Rxc5+ Kd8 30. cxb4 Rf7 31. Be5 Bb3 32. a5 Ba4 33. b5 Rb7
34. b6 axb6 35. axb6 Ke8 36. Bc7 Ke7 37. Kf2 Ke6 38. Ke3 Bd7 39. Kf4 Kf6 40. g3
Ba4 41. Rd5 Be8 42. Rd6+ Ke7 43. Ke5 Bf7 44. b4 Be8 45. Kd5 Kf7 46. Kc5 Ke7 47.
b5 Bd7 48. Rxg6 Kf7 49. Rg5 g6 50. Kd6 Bh3 51. Re5 Kg7 52. Re7+ Kg8 53. Ke5 Bf1
54. Kf6 Bd3 55. Rg7+ Kh8 56. Rxg6 Kh7 57. Rg7+ Kh8 58. Rg5 Be2 59. Kg6 1-0

[Event "4NCL Division 1a"]
[Site "Northampton, ENG"]
[Date "2017.01.15"]
[Round "4.16"]
[White "Wadsworth, Matthew J"]
[Black "Colovic, Aleksandar"]
[Result "0-1"]
[WhiteElo "2387"]
[BlackElo "2443"]
[PlyCount "80"]
[EventDate "2017.01.15"]
[WhiteTeam "Guildford 2"]
[BlackTeam "Cheddleton 1"]

1. c4 c6 2. g3 d5 3. Bg2 Nf6 4. Nf3 dxc4 5. O-O b5 6. a4 Bb7 7. b3 b4 8. bxc4
c5 9. e3 e6 10. d4 Nbd7 11. a5 a6 12. Nbd2 Be7 13. Bb2 O-O 14. Qe2 Qc7 15. Rfc1
Rfd8 16. Ne1 Bxg2 17. Kxg2 Rac8 18. Nd3 Qb8 19. Nb3 Ne4 20. f3 Nef6 21. Rab1
Qc7 22. e4 cxd4 23. Bxd4 Qb7 24. Bf2 h5 25. h4 g6 26. Qe1 Kg7 27. c5 Qb5 28.
Rd1 Nb8 29. Nxb4 Rxd1 30. Rxd1 Qc4 31. Rb1 Bd8 32. Bd4 Kg8 33. Qc3 Qe2+ 34. Kg1
Nfd7 35. Qe3 Qb5 36. Qc3 Bxa5 37. Nxa5 Qxa5 38. Bh8 e5 39. Bxe5 Rxc5 40. Qd4
Rxe5 0-1

[Event "4NCL Division 1a"]
[Site "Northampton, ENG"]
[Date "2017.01.15"]
[Round "4.17"]
[White "Hamitevici, Vladimir"]
[Black "Kilpatrick, Callum"]
[Result "1/2-1/2"]
[WhiteElo "2479"]
[BlackElo "2348"]
[PlyCount "78"]
[EventDate "2017.01.15"]
[WhiteTeam "Cheddleton 1"]
[BlackTeam "Guildford 2"]

1. e4 e5 2. Nf3 Nc6 3. c3 Nf6 4. Qa4 d6 5. d3 g6 6. g3 Bg7 7. Bg2 O-O 8. O-O
Bd7 9. Qc2 Re8 10. b4 a6 11. a3 d5 12. Bb2 dxe4 13. dxe4 Qc8 14. Re1 Bh3 15.
Bh1 Qg4 16. Nbd2 Nh5 17. Nc4 Bh6 18. a4 Qe6 19. Ne3 Rad8 20. Nd5 Rd7 21. c4 Nd4
22. Nxd4 exd4 23. Bxd4 c6 24. Bc3 Red8 25. Nb6 Rd3 26. Nd5 Rxc3 27. Qxc3 Bg7
28. e5 cxd5 29. cxd5 Rxd5 30. Bxd5 Qxd5 31. f3 h6 32. Rad1 Qa2 33. Qd2 Qb3 34.
g4 Qxf3 35. gxh5 Qg4+ 36. Kh1 Qf3+ 37. Kg1 Qg4+ 38. Kh1 Qf3+ 39. Kg1 Qg4+
1/2-1/2

[Event "4NCL Division 1a"]
[Site "Northampton, ENG"]
[Date "2017.01.15"]
[Round "4.18"]
[White "Povah, Nigel E"]
[Black "Steil-Antoni, Fiona"]
[Result "1/2-1/2"]
[WhiteElo "2298"]
[BlackElo "2147"]
[PlyCount "43"]
[EventDate "2017.01.15"]
[WhiteTeam "Guildford 2"]
[BlackTeam "Cheddleton 1"]

1. d4 Nf6 2. Bg5 d5 3. Bxf6 gxf6 4. c4 dxc4 5. e3 c5 6. Bxc4 cxd4 7. exd4 e6 8.
Ne2 Bd6 9. Nbc3 f5 10. Qd3 a6 11. O-O Rg8 12. f4 b5 13. Qf3 Qb6 14. Bd5 exd5
15. Nxd5 Qd8 16. Nf6+ Qxf6 17. Qxa8 Qe7 18. Qf3 Qe4 19. Rad1 Nd7 20. Qh3 Nf6
21. Nc3 Qc6 22. a3 1/2-1/2

[Event "4NCL Division 1a"]
[Site "Northampton, ENG"]
[Date "2017.01.15"]
[Round "4.21"]
[White "Gormally, Daniel W"]
[Black "Turner, Matthew J"]
[Result "1/2-1/2"]
[WhiteElo "2493"]
[BlackElo "2523"]
[PlyCount "23"]
[EventDate "2017.01.15"]
[WhiteTeam "Blackthorne Russia"]
[BlackTeam "Barbican 4NCL 1"]

1. d4 d5 2. c4 c6 3. Nf3 e6 4. cxd5 exd5 5. Nc3 Bf5 6. Bg5 Be7 7. Bxe7 Qxe7 8.
e3 Nf6 9. Qb3 O-O 10. Be2 Ne8 11. O-O Nd6 12. Ne5 1/2-1/2

[Event "4NCL Division 1a"]
[Site "Northampton, ENG"]
[Date "2017.01.15"]
[Round "4.22"]
[White "Merry, Alan B"]
[Black "Bates, Richard A"]
[Result "1-0"]
[WhiteElo "2375"]
[BlackElo "2362"]
[PlyCount "83"]
[EventDate "2017.01.15"]
[WhiteTeam "Barbican 4NCL 1"]
[BlackTeam "Blackthorne Russia"]

1. d4 Nf6 2. Bg5 Ne4 3. Bf4 c5 4. f3 Nf6 5. dxc5 Nc6 6. e4 b6 7. cxb6 Qxb6 8.
Na3 e5 9. Nc4 Qb8 10. Bg5 Ba6 11. Ne3 Bxf1 12. Kxf1 Bc5 13. Nf5 Rg8 14. b3 Nd4
15. Nxd4 Bxd4 16. Rc1 h6 17. Bxf6 gxf6 18. Ne2 Qb6 19. c3 Be3 20. Qd5 Qc6 21.
Rd1 a5 22. Ng3 Rc8 23. Qxc6 Rxc6 24. Rd3 Bc5 25. Nf5 h5 26. g3 d6 27. Ke2 Kd7
28. Rhd1 Rgc8 29. Rd5 Ra6 30. R1d3 Rac6 31. Rxc5 Rxc5 32. Nxd6 Ke6 33. Nxc8
Rxc8 34. c4 a4 35. Kd2 f5 36. exf5+ Kxf5 37. Kc3 axb3 38. axb3 Ke6 39. b4 f5
40. c5 e4 41. Rd6+ Ke5 42. f4# 1-0

[Event "4NCL Division 1a"]
[Site "Northampton, ENG"]
[Date "2017.01.15"]
[Round "4.23"]
[White "Ledger, Andrew J"]
[Black "Dorrington, Chris J"]
[Result "1/2-1/2"]
[WhiteElo "2377"]
[BlackElo "2331"]
[PlyCount "47"]
[EventDate "2017.01.15"]
[WhiteTeam "Blackthorne Russia"]
[BlackTeam "Barbican 4NCL 1"]

1. d4 Nf6 2. c4 e6 3. Nc3 Bb4 4. e3 O-O 5. Bd3 d5 6. cxd5 exd5 7. Nge2 Re8 8.
O-O Bf8 9. Nf4 g6 10. Bd2 b6 11. Rc1 Bb7 12. a3 Nbd7 13. b4 c5 14. dxc5 bxc5
15. Na4 Rc8 16. Nxc5 Nxc5 17. bxc5 Bxc5 18. Rb1 Re7 19. Rxb7 Rxb7 20. Ba6 Rbc7
21. Bxc8 Rxc8 22. Bb4 Bxb4 23. axb4 d4 24. Qxd4 1/2-1/2

[Event "4NCL Division 1a"]
[Site "Northampton, ENG"]
[Date "2017.01.15"]
[Round "4.24"]
[White "D`Costa, Lorin A R"]
[Black "Eames, Robert S"]
[Result "1/2-1/2"]
[WhiteElo "2391"]
[BlackElo "2148"]
[PlyCount "67"]
[EventDate "2017.01.15"]
[WhiteTeam "Barbican 4NCL 1"]
[BlackTeam "Blackthorne Russia"]

1. d4 Nf6 2. Nf3 d5 3. c4 e6 4. Bg5 Bb4+ 5. Nc3 dxc4 6. e4 c5 7. Bxc4 cxd4 8.
Nxd4 Bxc3+ 9. bxc3 Qa5 10. Bxf6 Qxc3+ 11. Kf1 gxf6 12. Rc1 Qa5 13. h4 Ke7 14.
Rh3 Rd8 15. Rd3 Bd7 16. Qb3 Nc6 17. Qxb7 Ne5 18. Rdc3 Rab8 19. Qa6 Nxc4 20.
Qxc4 Rdc8 21. Qxc8 Rxc8 22. Rxc8 Qxa2 23. Nc6+ Bxc6 24. R8xc6 a5 25. g3 Qa4 26.
R6c4 Qb5 27. Kg1 a4 28. Rc7+ Kd6 29. Ra7 Qb4 30. Ra1 Qxe4 31. R1xa4 Qe1+ 32.
Kg2 f5 33. Rxf7 h5 34. Rf4 1/2-1/2

[Event "4NCL Division 1a"]
[Site "Northampton, ENG"]
[Date "2017.01.15"]
[Round "4.25"]
[White "Ledger, Dave J"]
[Black "Tarhon, Brian"]
[Result "0-1"]
[WhiteElo "2216"]
[BlackElo "2326"]
[PlyCount "68"]
[EventDate "2017.01.15"]
[WhiteTeam "Blackthorne Russia"]
[BlackTeam "Barbican 4NCL 1"]

1. e4 c5 2. Nf3 e6 3. d4 cxd4 4. Nxd4 Nc6 5. Nc3 Qc7 6. Be3 a6 7. f4 b5 8. Qd2
Bb7 9. Bd3 b4 10. Nce2 Nf6 11. Ng3 Be7 12. Nb3 d6 13. a3 bxa3 14. Rxa3 h5 15.
Ra4 h4 16. Ne2 Bd8 17. h3 d5 18. Nc5 dxe4 19. Nxe4 Nxe4 20. Bxe4 Ne7 21. Nc3
O-O 22. O-O Nf5 23. Bf2 Bf6 24. Bxf5 exf5 25. Bd4 Bc6 26. Rc4 Rad8 27. Rd1 Qb7
28. Qf2 Bxd4 29. Rcxd4 Rxd4 30. Rxd4 Qxb2 31. Nd5 Re8 32. Kh2 a5 33. Nc7 Rc8
34. Rd6 Qb7 0-1

[Event "4NCL Division 1a"]
[Site "Northampton, ENG"]
[Date "2017.01.15"]
[Round "4.26"]
[White "Sowray, Peter J"]
[Black "Nelson, Jonathan P"]
[Result "1/2-1/2"]
[WhiteElo "2320"]
[BlackElo "2188"]
[PlyCount "70"]
[EventDate "2017.01.15"]
[WhiteTeam "Barbican 4NCL 1"]
[BlackTeam "Blackthorne Russia"]

1. d4 g6 2. c4 Bg7 3. e4 d6 4. Nc3 Nc6 5. Be3 e5 6. Nge2 Nf6 7. d5 Ne7 8. f3 c5
9. Nc1 O-O 10. a3 Nh5 11. Nd3 f5 12. Qd2 b6 13. Be2 a6 14. O-O f4 15. Bf2 g5
16. b4 Bd7 17. Rab1 Qc8 18. bxc5 bxc5 19. Rb6 Rf6 20. Rfb1 Rg6 21. Qb2 Qe8 22.
Rb8 Rxb8 23. Qxb8 Nc8 24. Rb7 Bf8 25. Qa8 Nf6 26. Qxa6 g4 27. Nb5 g3 28. Be1
gxh2+ 29. Kh1 Rxg2 30. Kxg2 Qg6+ 31. Kxh2 Qh5+ 32. Kg1 Qg5+ 33. Kh2 Qh5+ 34.
Kg1 Qg5+ 35. Kh2 Qh5+ 1/2-1/2

[Event "4NCL Division 1a"]
[Site "Northampton, ENG"]
[Date "2017.01.15"]
[Round "4.27"]
[White "Ledger, Stephen C"]
[Black "Franklin, Samuel G A"]
[Result "1/2-1/2"]
[WhiteElo "2140"]
[BlackElo "2305"]
[PlyCount "87"]
[EventDate "2017.01.15"]
[WhiteTeam "Blackthorne Russia"]
[BlackTeam "Barbican 4NCL 1"]

1. d4 Nf6 2. Bg5 e6 3. e4 c5 4. d5 d6 5. Nc3 Be7 6. Bb5+ Bd7 7. Bxd7+ Qxd7 8.
Nf3 O-O 9. O-O h6 10. Bxf6 Bxf6 11. dxe6 fxe6 12. e5 dxe5 13. Qxd7 Nxd7 14.
Rad1 Rfd8 15. Rfe1 Nb6 16. Ne4 Rd5 17. Nc3 Rxd1 18. Rxd1 Kf7 19. g3 Ke7 20. Re1
Nd5 21. Nxd5+ exd5 22. Nxe5 Kd6 23. f4 Re8 24. Nc4+ Kd7 25. Rxe8 Kxe8 26. Ne3
Bxb2 27. Nxd5 Kd7 28. Kf2 b5 29. Kf3 Kd6 30. Ke4 a5 31. g4 c4 32. h4 b4 33. h5
Kc5 34. g5 hxg5 35. fxg5 a4 36. h6 gxh6 37. gxh6 Bh8 38. Ne3 b3 39. cxb3 cxb3
40. axb3 axb3 41. Kd3 Kb4 42. Nd1 Ka3 43. h7 Ka2 44. Kc4 1/2-1/2

[Event "4NCL Division 1a"]
[Site "Northampton, ENG"]
[Date "2017.01.15"]
[Round "4.28"]
[White "Bhatia, Kanwal K"]
[Black "Atkins, Rita"]
[Result "1/2-1/2"]
[WhiteElo "2071"]
[BlackElo "2093"]
[PlyCount "145"]
[EventDate "2017.01.15"]
[WhiteTeam "Barbican 4NCL 1"]
[BlackTeam "Blackthorne Russia"]

1. e4 e6 2. d4 d5 3. Nd2 Nf6 4. e5 Nfd7 5. f4 c5 6. c3 Nc6 7. Ndf3 Qb6 8. a3
Be7 9. h4 cxd4 10. cxd4 O-O 11. Bd3 f6 12. h5 fxe5 13. fxe5 Ndxe5 14. dxe5 Nxe5
15. Qe2 Nxd3+ 16. Qxd3 e5 17. h6 g6 18. Qxd5+ Be6 19. Qe4 Rad8 20. Be3 Qb3 21.
Nd2 Qxb2 22. Rb1 Qc3 23. Ne2 Qa5 24. Qxb7 Qxa3 25. Qxa7 Rxd2 26. Qxa3 Rxe2+ 27.
Kxe2 Bxa3 28. Rb7 Bg4+ 29. Kd3 Rf7 30. Rxf7 Kxf7 31. Ra1 Be7 32. Ra6 Bf5+ 33.
Ke2 g5 34. Kf3 Bf6 35. Bd2 Be7 36. Bc3 Bf6 37. Ke3 g4 38. Ke2 Be6 39. Kf2 Bd5
40. Ra5 Ke6 41. Ra7 Be4 42. Ra5 Bd5 43. Ra7 Be4 44. g3 Bf5 45. Ra5 Bg6 46. Ke2
Kf5 47. Bd2 Bd8 48. Rb5 Bc7 49. Kd3 Ke6+ 50. Kc4 e4 51. Bf4 Bxf4 52. gxf4 Kf6
53. Kd4 Be8 54. Rg5 Bd7 55. Kxe4 Be6 56. Ra5 Bc8 57. Rb5 Kg6 58. Rb6+ Kh5 59.
Rb8 Bd7 60. Rb6 g3 61. Kf3 Kh4 62. Kg2 Kg4 63. Rg6+ Kxf4 64. Rxg3 Bc6+ 65. Kf2
Be4 66. Rg7 Bc2 67. Ke2 Be4 68. Kd2 Bb1 69. Kc3 Ke5 70. Kc4 Kf6 71. Kd5 Bg6 72.
Ra7 Kg5 73. Rxh7 1/2-1/2

[Event "4NCL Division 1a"]
[Site "Northampton, ENG"]
[Date "2017.01.15"]
[Round "4.31"]
[White "Hoffmann, Hendrik"]
[Black "Bauer, Christian"]
[Result "0-1"]
[WhiteElo "2336"]
[BlackElo "2635"]
[PlyCount "120"]
[EventDate "2017.01.15"]
[WhiteTeam "Celtic Tigers "]
[BlackTeam "3Cs 1"]

1. e4 e6 2. d4 d5 3. Nc3 Bb4 4. exd5 exd5 5. Bd3 Nc6 6. a3 Bxc3+ 7. bxc3 Nge7
8. Ne2 Bg4 9. f3 Bf5 10. Ng3 Bg6 11. f4 Qd7 12. O-O Bxd3 13. cxd3 f5 14. a4
O-O-O 15. Ba3 g6 16. Re1 Rhe8 17. Nf1 Ng8 18. Nd2 Rxe1+ 19. Qxe1 Re8 20. Qf2
Nf6 21. Nf3 Ng4 22. Qc2 Qe6 23. Ne5 g5 24. Bc1 gxf4 25. Bxf4 Ncxe5 26. Bxe5
Nxe5 27. dxe5 Qxe5 28. Rf1 Qe3+ 29. Qf2 f4 30. d4 a5 31. Qxe3 fxe3 32. Re1 c5
33. dxc5 Kc7 34. Kf1 Kc6 35. Rb1 Kxc5 36. Rxb7 Kc4 37. Rb5 Re5 38. Rxa5 Kxc3
39. Ke2 Kb4 40. Ra7 d4 41. Rd7 Kc4 42. Rc7+ Kd5 43. Rd7+ Ke4 44. g3 Rc5 45.
Re7+ Kd5 46. Rd7+ Ke5 47. Rxh7 Rc2+ 48. Kd1 d3 49. Re7+ Kd4 50. Rd7+ Ke4 51.
Re7+ Kf3 52. Rf7+ Kg2 53. Re7 e2+ 54. Ke1 Rc1+ 55. Kd2 Rd1+ 56. Kc3 e1=Q+ 57.
Rxe1 Rxe1 58. Kxd3 Ra1 59. Ke4 Rxa4+ 60. Kf5 Kh3 0-1

[Event "4NCL Division 1a"]
[Site "Northampton, ENG"]
[Date "2017.01.15"]
[Round "4.32"]
[White "Gordon, Stephen J"]
[Black "Maciol, Ryszard"]
[Result "1/2-1/2"]
[WhiteElo "2509"]
[BlackElo "2111"]
[PlyCount "93"]
[EventDate "2017.01.15"]
[WhiteTeam "3Cs 1"]
[BlackTeam "Celtic Tigers "]

1. d4 Nf6 2. c4 e6 3. Nc3 Bb4 4. Qc2 d5 5. a3 Bxc3+ 6. Qxc3 O-O 7. Bg5 dxc4 8.
Qxc4 b6 9. Rd1 Ba6 10. Qa4 Qd7 11. Qc2 Qc6 12. Qxc6 Nxc6 13. Bxf6 gxf6 14. Nf3
Ne7 15. e3 Bb7 16. Rc1 Rac8 17. Bd3 Rfd8 18. Ke2 c5 19. dxc5 bxc5 20. Rc2 Rd6
21. Rhc1 Rcd8 22. Ne1 e5 23. Rxc5 e4 24. Bc4 Rd2+ 25. Kf1 Rxb2 26. Rb5 Rdd2 27.
Rxb2 Rxb2 28. Nc2 Nc6 29. Bd5 Ba6+ 30. Kg1 Bd3 31. Bxc6 Bxc2 32. g4 Kf8 33. Kg2
Ke7 34. Bd5 a5 35. Kg3 a4 36. Kf4 Bb3 37. Bxb3 Rxf2+ 38. Kxe4 axb3 39. Rc3 b2
40. Rb3 Rxh2 41. a4 h5 42. gxh5 Rxh5 43. Rxb2 Rh4+ 44. Kf5 Rxa4 45. Rb7+ Kf8
46. Kxf6 Ra6+ 47. Kf5 1/2-1/2

[Event "4NCL Division 1a"]
[Site "Northampton, ENG"]
[Date "2017.01.15"]
[Round "4.33"]
[White "Mitra, Roman C"]
[Black "Longson, Alexander"]
[Result "0-1"]
[WhiteElo "2090"]
[BlackElo "2317"]
[PlyCount "76"]
[EventDate "2017.01.15"]
[WhiteTeam "Celtic Tigers "]
[BlackTeam "3Cs 1"]

1. e4 e5 2. Nf3 Nc6 3. Bc4 Nf6 4. d3 Be7 5. O-O O-O 6. a4 d6 7. c3 Na5 8. Ba2
c5 9. b4 cxb4 10. cxb4 Nc6 11. b5 Nb4 12. Bb3 Bg4 13. h3 Bh5 14. g4 Bg6 15. Nc3
Rc8 16. Bb2 Re8 17. Qd2 d5 18. g5 Nh5 19. Nxd5 Nxd5 20. Bxd5 Nf4 21. Bxb7 Nxh3+
22. Kh2 Nxg5 23. Qe3 Bh5 24. Ne1 Bc5 25. Qg3 Rc7 26. Bd5 Bb4 27. Bc1 Rxc1 28.
Rxc1 Bd2 29. Ng2 Qf6 30. Rc6 Nf3+ 31. Kh1 Qe7 32. Ne3 Qa3 33. Bc4 g6 34. Ng4
Bxg4 35. Qxg4 Nd4 36. Rxg6+ hxg6 37. Qxg6+ Kh8 38. Qh6+ Bxh6 0-1

[Event "4NCL Division 1a"]
[Site "Northampton, ENG"]
[Date "2017.01.15"]
[Round "4.34"]
[White "Abbas, Daniel"]
[Black "Quinn, John M"]
[Result "1-0"]
[WhiteElo "2302"]
[BlackElo "2153"]
[PlyCount "43"]
[EventDate "2017.01.15"]
[WhiteTeam "3Cs 1"]
[BlackTeam "Celtic Tigers "]

1. e4 c5 2. Nf3 e6 3. g3 d5 4. exd5 exd5 5. d4 Nf6 6. Bg2 Be7 7. O-O O-O 8. Be3
Bg4 9. dxc5 Nc6 10. h3 d4 11. Bf4 Be6 12. Nbd2 Bxc5 13. Ng5 Bd5 14. Nde4 Nxe4
15. Nxe4 Be7 16. h4 f5 17. Nd2 Bxg2 18. Kxg2 Qd5+ 19. Qf3 Rfd8 20. a3 Rac8 21.
Rfe1 Bf6 22. Re8+ 1-0

[Event "4NCL Division 1a"]
[Site "Northampton, ENG"]
[Date "2017.01.15"]
[Round "4.35"]
[White "Pedersen, Carsten"]
[Black "Ashton, Adam G"]
[Result "1/2-1/2"]
[WhiteElo "2163"]
[BlackElo "2378"]
[PlyCount "51"]
[EventDate "2017.01.15"]
[WhiteTeam "Celtic Tigers "]
[BlackTeam "3Cs 1"]

1. e4 c5 2. Nc3 a6 3. g3 b5 4. Bg2 Bb7 5. d3 e6 6. f4 b4 7. Nce2 d5 8. e5 Nh6
9. Nf3 Be7 10. O-O Nc6 11. h3 f6 12. c3 O-O 13. d4 bxc3 14. bxc3 cxd4 15. Rb1
Rb8 16. Nfxd4 Nxd4 17. Nxd4 Bc5 18. Kh2 Bxd4 19. cxd4 Nf5 20. g4 Nh4 21. Ba3
Nxg2 22. Kxg2 Rf7 23. f5 Qd7 24. Rb6 Re8 25. Rd6 Qc8 26. fxe6 1/2-1/2

[Event "4NCL Division 1a"]
[Site "Northampton, ENG"]
[Date "2017.01.15"]
[Round "4.36"]
[White "Horton, Jamie A"]
[Black "Jurkiewicz, Katarzyna"]
[Result "1/2-1/2"]
[WhiteElo "2181"]
[BlackElo "2169"]
[PlyCount "243"]
[EventDate "2017.01.15"]
[WhiteTeam "3Cs 1"]
[BlackTeam "Celtic Tigers "]

1. d4 f5 2. Bg5 Nf6 3. Bxf6 exf6 4. e3 d5 5. Bd3 Be6 6. Ne2 Bd6 7. Nf4 Bxf4 8.
exf4 Qd6 9. Qd2 Nd7 10. Na3 c6 11. c3 O-O 12. O-O Rfe8 13. Rfe1 g6 14. g3 Kg7
15. Nc2 Nb6 16. b3 Rad8 17. Re3 Bf7 18. Rae1 Rxe3 19. Nxe3 Qd7 20. Qb2 Nc8 21.
Qa3 Qd6 22. Qa5 Qd7 23. f3 b6 24. Qb4 Re8 25. Kf2 Nd6 26. a4 Qc7 27. Qa3 c5 28.
b4 cxd4 29. cxd4 Rc8 30. Rd1 Qc3 31. Qxc3 Rxc3 32. Ke2 Ra3 33. Bc2 Kf8 34. Rd3
Ra2 35. Kd2 Nc4+ 36. Nxc4 dxc4 37. Re3 a6 38. Kc3 Bd5 39. Kd2 Kf7 40. g4 fxg4
41. fxg4 Bc6 42. b5 axb5 43. axb5 Bxb5 44. Kc1 Bc6 45. Rh3 Kg7 46. Re3 Ra7 47.
Re6 Rc7 48. d5 Bxd5 49. Rxb6 Bf3 50. g5 f5 51. Re6 Kf7 52. Rd6 Ke7 53. Ra6 Rd7
54. Ra4 Rd4 55. Ra7+ Kd6 56. Rxh7 Rxf4 57. Kd2 Kc5 58. Ke3 Rg4 59. Kxf3 Rxg5
60. h4 Rg1 61. h5 gxh5 62. Rxh5 Kd4 63. Bxf5 c3 64. Rh4+ Kd5 65. Ke3 Rg3+ 66.
Ke2 Ke5 67. Bh7 Kd5 68. Kd1 Rg7 69. Kc2 Rc7 70. Bg8+ Ke5 71. Bc4 Rg7 72. Kxc3
Rg3+ 73. Bd3 Rg5 74. Ra4 Rg3 75. Ra5+ Kf4 76. Kd4 Rg5 77. Ra8 Rg7 78. Rf8+ Kg5
79. Bc4 Re7 80. Bd5 Re1 81. Be4 Ra1 82. Ke5 Ra5+ 83. Bd5 Ra6 84. Rf5+ Kg4 85.
Rf2 Ra3 86. Rf8 Ra5 87. Rg8+ Kh5 88. Ke4 Rc5 89. Rg1 Kh6 90. Ke5 Ra5 91. Ke6
Kh5 92. Ke5 Kh6 93. Rg2 Kh5 94. Ke4 Kh6 95. Be6 Rg5 96. Rf2 Ra5 97. Bf5 Kg5 98.
Rg2+ Kf6 99. Rg6+ Kf7 100. Rb6 Ke7 101. Be6 Rh5 102. Bf5 Rh1 103. Ke5 Re1+ 104.
Be4 Rd1 105. Re6+ Kd7 106. Rh6 Kc7 107. Rh7+ Kb6 108. Bd5 Rg1 109. Kd6 Rg6+
110. Be6 Rg5 111. Rh8 Rg7 112. Bf5 Rf7 113. Rb8+ Rb7 114. Rc8 Rg7 115. Rc3 Kb5
116. Be6 Rg6 117. Rb3+ Ka4 118. Rb6 Ka5 119. Kc5 Rg5+ 120. Kc6 Rg6 121. Rb5+
Ka4 122. Re5 1/2-1/2

[Event "4NCL Division 1a"]
[Site "Northampton, ENG"]
[Date "2017.01.15"]
[Round "4.37"]
[White "Wilks, Simon"]
[Black "Congiu, Mathilde"]
[Result "0-1"]
[WhiteElo "2008"]
[BlackElo "2215"]
[PlyCount "88"]
[EventDate "2017.01.15"]
[WhiteTeam "Celtic Tigers "]
[BlackTeam "3Cs 1"]

1. e4 d5 2. exd5 Qxd5 3. Nf3 Nf6 4. d4 Bg4 5. Be2 e6 6. Be3 Nc6 7. Nbd2 O-O-O
8. c3 Qh5 9. Nc4 Bd6 10. Ng5 Bxe2 11. Qxe2 Qg6 12. O-O-O Nd5 13. Qc2 f5 14. h4
h6 15. h5 Qf6 16. Nf3 Rhe8 17. a3 Kb8 18. Rhe1 Qf7 19. Rh1 a6 20. Bd2 Nf6 21.
Nxd6 cxd6 22. c4 Rc8 23. Kb1 Nxh5 24. Qb3 Nf6 25. d5 exd5 26. cxd5 Ne7 27. Bf4
Red8 28. Rhe1 Nexd5 29. Rd3 Rd7 30. Be3 Nxe3 31. Qxf7 Rxf7 32. Rexe3 Ne4 33.
Re2 Rfc7 34. Nd4 g6 35. g4 Rc1+ 36. Ka2 Nc5 37. Rh3 Rd1 38. Nb3 Nd3 39. Rxh6 a5
40. gxf5 a4 41. Re7 Nc1+ 42. Nxc1 Rcxc1 43. Rh8+ Ka7 44. Rhh7 Ra1# 0-1

[Event "4NCL Division 1a"]
[Site "Northampton, ENG"]
[Date "2017.01.15"]
[Round "4.38"]
[White "Walton, Alan J"]
[Black "Pein, Jonathan"]
[Result "1-0"]
[WhiteElo "2200"]
[BlackElo "2019"]
[PlyCount "67"]
[EventDate "2017.01.15"]
[WhiteTeam "3Cs 1"]
[BlackTeam "Celtic Tigers "]

1. d4 c5 2. d5 Nf6 3. Nc3 d6 4. e4 g6 5. Be3 Bg7 6. Qd2 Qa5 7. f3 O-O 8. a4 Na6
9. Nge2 Nd7 10. h4 Ne5 11. Bh6 Nc4 12. Qc1 Nb4 13. Bxg7 Kxg7 14. h5 Ne3 15. Kf2
Nbxc2 16. Qd2 Bd7 17. Rc1 Rh8 18. Rxc2 Nxc2 19. Qxc2 a6 20. Qc1 b5 21. axb5
axb5 22. Qe3 b4 23. Nd1 Qa2 24. Nc1 Qa7 25. e5 Bf5 26. h6+ Kf8 27. g4 Bc2 28.
Bc4 Bxd1 29. Rxd1 Qc7 30. e6 f6 31. Nd3 Ra5 32. Nf4 Rg8 33. Qd3 Ke8 34. Nxg6
1-0